| 000 | 00686nam a2200217 a 4500 | ||
|---|---|---|---|
| 005 | 20260217062535.0 | ||
| 008 | 090828s2007 mx r 000 0 spa d | ||
| 020 | _a970770926X (10 dígitos) | ||
| 020 | _a9789707709263 (13 dígitos) | ||
| 035 | _aUPN01000172121 | ||
| 049 | _aCG | ||
| 050 | 4 |
_aHB835 _bC6.6 |
|
| 100 | 1 |
_aCortina Orts, Adela, _d1947- _931181 |
|
| 245 | 1 | 0 |
_aPor una ética del consumo : _bla ciudadanía del consumidor en un mundo global / _cAdela Cortina. |
| 260 |
_aMéxico : _bTaurus, _c2007. |
||
| 300 | _a349 p. | ||
| 440 | 0 | _aPensamiento | |
| 650 | 4 |
_aCONSUMO (ECONOMIA) - _xASPECTOS MORALES Y ETICOS _913174 |
|
| 650 | 4 |
_aCiudadanía _97037 |
|
| 905 | _aLibro | ||
| 999 |
_c144225 _d144225 |
||